Principales mercados de la miel: posibilidades que ofrecen para los productos de buena calidad procedentes de los paises en desarrollo

Guardat en:
Dades bibliogràfiques
Autor corporatiu: Centro de Comercio Internacional UNCTAD-GATT (Autor)
Format: Llibre
Idioma:espanyol
Publicat: Ginebra Centro de Comercio Internacional 1977
Matèries:
Etiquetes: Afegir etiqueta
Sense etiquetes, Sigues el primer a etiquetar aquest registre!

MARC

LEADER 00000nam a2200000 a 4500
001 UCR5374
003 CL-VaPUC
008 980327e19770000SZ |||||||||||||||||spa|d
082 0 4 |a 382  |b CEN  |2 21 
110 2 |a Centro de Comercio Internacional UNCTAD-GATT  |e author  |9 406239 
245 1 0 |a Principales mercados de la miel: posibilidades que ofrecen para los productos de buena calidad procedentes de los paises en desarrollo 
300 |a 126 p 
942 |c BK 
945 |d 19980327 00:00:00  |a crobeson 
260 |a Ginebra  |b Centro de Comercio Internacional  |c 1977 
650 7 |a MIEL  |2 CL-VaPUC  |9 406240 
650 0 |a Investigación de mercado  |9 332310 
650 7 |a COMERCIO INTERNACIONAL  |2 CL-VaPUC  |9 406241 
650 0 |a Oferta y demanda  |9 255571 
583 |a last modification  |c 20180306 11:38:51  |k Rodrigo Vera 
999 |c 267982  |d 267980 
952 |0 0  |1 0  |4 0  |6 382_000000000000000_CEN_1977  |7 0  |8 A  |9 300833  |a BIBALI  |b BIBALI  |c GEN  |d 2019-11-20  |i 1969390  |o 382 CEN 1977  |p 1969390  |r 2025-01-20  |w 2019-11-20  |y BK  |k ALI